00589pab a2200193 454500008004000000100001800040245008400058260000900142300001500151362000800166650000900174650002200183700002000205700001900225773001800244909001000262999001700272952010600289180718b2005 xxu||||| |||| 00| 0 eng d aSharp, Joanne aJust art for a just city: public art and social inclusion in urban regeneration c2005 ap.1001-23. aMay aArts aUrban development aPaddison, Ronan aPollock, Venda aUrban Studies a65567 c65567d65567 00104070aIIPAbIIPAd2018-07-19hVolume no: 42, Issue no: 5-6pAR66019r2018-07-19w2018-07-19yAR